000 00629nam a22002297a 4500
003 UA-OsUOA
001 89130
007 ta
008 20121029b un ||||| |||| 00| 0 ukr d
090 _a821.161.2
_bЛ93
942 _cBK
040 _aUA-OsUOA
_bukr
_cUA-OsUOA
_dUA-OsUOA
245 _aЛюдина в (м)асьці
_bповість
_cКнига без автора
300 _a256 с.
955 _a3
041 _aukr
080 _a821.161.2
020 _a978-966-465-360-9
260 _aК.
_bГрані-Т
_c2011
650 7 _a82 Література. Літературознавство
_2UDC
999 _c375407
_d375407